书目信息 |
| 题名: |
化学建材
|
|
| 作者: | 陈明凤 , 张智强 , 杨斧钟 编 | |
| 分册: | ||
| 出版信息: | 重庆 重庆大学出版社 2000 |
|
| 页数: | 245 | |
| 开本: | 26cm | |
| 丛书名: | ||
| 单 册: | ||
| 中图分类: | TU53 | |
| 科图分类: | ||
| 主题词: | 建筑化工材料 , 建筑材料:有机材料 | |
| 电子资源: | ||
| ISBN: | 7-5624-2132-3 | |
| 000 | 00663nam0 2200217 450 | |
| 001 | 0754114953 | |
| 005 | 20070929150154.95 | |
| 010 | @a7-5624-2132-3 | |
| 100 | @a20070929d km y0chiy0120 ea | |
| 101 | 0 | @achi |
| 200 | 1 | @a化学建材@Ahua xue jian cai@f张智强,杨斧钟,陈明凤 编@Fzhang zhi qiang,yang fu zhong,chen ming feng bian |
| 210 | @a重庆@c重庆大学出版社@d2000 | |
| 215 | @a245@c插图@d26cm | |
| 606 | 0 | @a建筑化工材料 |
| 606 | 0 | @a建筑材料:有机材料 |
| 690 | @aTU53@v3 | |
| 701 | 0 | @a陈明凤@Achen ming feng@4编 |
| 701 | 0 | @a张智强@Azhang zhi qiang@4编 |
| 701 | 0 | @a杨斧钟@Ayang fu zhong@4编 |
| 801 | 0 | @aCN@bPFT@c20070929 |
| 905 | @a213230@dTU53@eh2@f1 | |
| 化学建材/张智强,杨斧钟,陈明凤 编.-重庆:重庆大学出版社,2000 |
| 245:插图;26cm |
| ISBN 7-5624-2132-3: |
| ● |
| 相关链接 |
|
|
|
|
正题名:化学建材
索取号:TU53/h2
 
预约/预借
| 序号 | 登录号 | 条形码 | 馆藏地/架位号 | 状态 | 备注 |
| 1 | 6000606 | 260006068 | 密集书库-化学系/ [索取号:TU53/h2] | 在馆 |